000 00217nam a22000857a 4500
008 160701b xxu||||| |||| 00| 0 eng d
100 _91668
_a Biswas, S., et al
245 _aOnce Upon a Time
260 _aNew delhi
_bM/S Arya
999 _c1386
_d1386